LEADER 00934nam0-22003131i-450- 001 990007172620403321 005 20051013151558.0 035 $a000717262 035 $aFED01000717262 035 $a(Aleph)000717262FED01 035 $a000717262 100 $a20021021d1984----km-y0itay50------ba 101 0 $aita 200 1 $a<>seduzione del segno$ecinque studi di semiotica$fAnna Maria Pedullą 210 $aNapoli$cEdizioni Scientifiche Italiane$d1984 215 $a91, (54) p.$d21 cm 225 1 $aPoiesis. Studi di filosofia contemporanea. Collana di saggi e testi$v9 676 $a411 700 1$aPedullą,$bAnna Maria$0263184 801 0$aIT$bUNINA$gRICA$2UNIMARC 901 $aBK 912 $a990007172620403321 952 $aZ-36$b112$fDDRC 952 $aZ-36/37$b433 ECON., 112$fDDRC 952 $aF.Russo 1564$fBAT 959 $aDDRC 959 $aBAT 996 $aSeduzione del segno$9689390 997 $aUNINA LEADER 01536nam 2200529 450 001 9910165083903321 005 20230808202821.0 010 $a1-5040-3722-7 035 $a(CKB)3890000000006700 035 $a(SSID)ssj0001683701 035 $a(PQKBManifestationID)16509785 035 $a(PQKBTitleCode)TC0001683701 035 $a(PQKBWorkID)15038347 035 $a(PQKB)10073711 035 $a(MiAaPQ)EBC4511775 035 $a(EXLCZ)993890000000006700 100 $a20160530h20161992 uy 1 101 0 $aeng 135 $aurcnu|||||||| 181 $ctxt 182 $cc 183 $acr 200 10$aMaggody in Manhattan /$fJoan Hess 210 1$aNew York :$cMysteriousPress.com :$cOpen Road,$d2016. 210 4$d©1992 215 $a1 online resource (185 pages) 225 0 $aAn Arly Hanks Mystery 300 $aBibliographic Level Mode of Issuance: Monograph 606 $aHanks, Arly (Fictitious character)$vFiction 606 $aPolice$zArkansas$vFiction 606 $aCooking$xCompetitions$vFiction 606 $aPolicewomen$vFiction 607 $aManhattan (New York, N.Y.)$vFiction 607 $aArkansas$vFiction 615 0$aHanks, Arly (Fictitious character) 615 0$aPolice 615 0$aCooking$xCompetitions 615 0$aPolicewomen 676 $a813/.54 700 $aHess$b Joan$01076918 801 0$bMiAaPQ 801 1$bMiAaPQ 801 2$bMiAaPQ 906 $aBOOK 912 $a9910165083903321 996 $aMaggody in Manhattan$93415818 997 $aUNINA